<?xml version="1.0" encoding="UTF-8"?>
<record
    xmlns:xsi="http://www.w3.org/2001/XMLSchema-instance"
    xsi:schemaLocation="http://www.loc.gov/MARC21/slim http://www.loc.gov/standards/marcxml/schema/MARC21slim.xsd"
    xmlns="http://www.loc.gov/MARC21/slim">

  <leader>03022nam a22001697a 4500</leader>
  <datafield tag="999" ind1=" " ind2=" ">
    <subfield code="c">26472</subfield>
    <subfield code="d">26472</subfield>
  </datafield>
  <datafield tag="020" ind1=" " ind2=" ">
    <subfield code="a">9780198077121</subfield>
  </datafield>
  <datafield tag="082" ind1=" " ind2=" ">
    <subfield code="a">340.0954</subfield>
    <subfield code="b">SHE-U</subfield>
  </datafield>
  <datafield tag="100" ind1=" " ind2=" ">
    <subfield code="a">Shetreet , Shimon</subfield>
  </datafield>
  <datafield tag="100" ind1=" " ind2=" ">
    <subfield code="a">Chodosh , Hiram E.</subfield>
  </datafield>
  <datafield tag="245" ind1=" " ind2=" ">
    <subfield code="a">Uniform Civil Code for India</subfield>
    <subfield code="b">: Proposed Blueprint for Scholarly Discourse</subfield>
  </datafield>
  <datafield tag="260" ind1=" " ind2=" ">
    <subfield code="a">New Delhi</subfield>
    <subfield code="b">Oxford University Press</subfield>
    <subfield code="c">2015</subfield>
  </datafield>
  <datafield tag="300" ind1=" " ind2=" ">
    <subfield code="a">xxii,315p.</subfield>
  </datafield>
  <datafield tag="520" ind1=" " ind2=" ">
    <subfield code="a">Article 44 of The Constitution of India, provides that 'The State shall endeavor to secure for the citizens a Uniform Civil Code throughout the territory of India.' Even after more than six decades, this anticipated code has not been developed or implemented. This book provides a blueprint for alternative frameworks and courses of action, drawing on lessons from comparative context to develop a Uniform Civil Code for India. It explores the interplay between issues of law, culture, and religion in light of various intra-community and inter-community disputes. The book proposes a series of guidelines and considerations to inform this process. The first guideline urges that the process of preparing and implementing a Uniform Civil Code should be the function of the Legislature. The Courts can resolve certain specific points but the comprehensive code is a legislative function and not for judicial resolution. The second guideline suggests the parallel application of civil and religious law. The securing of a Uniform Civil Code must not negate the possibility of citizens availing themselves of religious law-if they so wish. The third guideline advises a gradual application of a Uniform Civil Code. The development of the code should be done topic by topic, chapter by chapter. The fourth guideline is to deploy tools of mediation in both the formation of the code and its implementation. This mediation should take on two forms - intercommunity mediation and individual mediation. The first of these two relates to a dialogue between the communities of India, to advance an agreement upon the substantive provisions of the Uniform Civil Code. The second relates to mediation between individuals, in occasions where dispute arises in the realm of personal law. The proposed blueprint derives guidance from the experience of other nations and the many ways in which they have faced the challenge of introducing a civil code and maintaining respect for local community laws and social customs. The blueprint also focuses on the relationships between religion and the state. This set of proposals should alleviate the suspicion of the Muslim community or the Hindu majority community. A Uniform Civil Code can be developed to achieve two simultaneous objectives: to maximize the sustainability of traditions and community values while also reinforcing constitutional values that prevent discrimination and, in particular, unfair practices to girls and women in a democratic country. </subfield>
  </datafield>
  <datafield tag="650" ind1=" " ind2=" ">
    <subfield code="a">Law and legislation</subfield>
    <subfield code="v">Civil law</subfield>
    <subfield code="z">India</subfield>
  </datafield>
  <datafield tag="650" ind1=" " ind2=" ">
    <subfield code="a">Legal status</subfield>
    <subfield code="v">Legal polycentricity</subfield>
    <subfield code="v"> Uniform Civil Code </subfield>
  </datafield>
  <datafield tag="942" ind1=" " ind2=" ">
    <subfield code="2">ddc</subfield>
    <subfield code="c">BK</subfield>
  </datafield>
  <datafield tag="952" ind1=" " ind2=" ">
    <subfield code="0">0</subfield>
    <subfield code="1">0</subfield>
    <subfield code="4">0</subfield>
    <subfield code="7">0</subfield>
    <subfield code="a">NASSDOC</subfield>
    <subfield code="b">NASSDOC</subfield>
    <subfield code="d">2021-02-04</subfield>
    <subfield code="e">Overseas Press India Private Limited</subfield>
    <subfield code="g">726.35</subfield>
    <subfield code="i">2021-01-27</subfield>
    <subfield code="l">0</subfield>
    <subfield code="o">340.0954 SHE-U</subfield>
    <subfield code="p">51211</subfield>
    <subfield code="r">2021-02-12 00:00:00</subfield>
    <subfield code="v">995.00</subfield>
    <subfield code="w">2021-02-12</subfield>
    <subfield code="y">BK</subfield>
  </datafield>
</record>
